Spiritual Combat Tr As A By C L J (Record no. 22831)

MARC details
000 -LEADER
fixed length control field 00406nam a2200133Ia 4500
008 - FIXED-LENGTH DATA ELEMENTS--GENERAL INFORMATION
fixed length control field 211109s9999||||xx |||||||||||||| ||und||
082 ## - DEWEY DECIMAL CLASSIFICATION NUMBER
Classification number 235.4
Item number SEU-S
100 ## - MAIN ENTRY--PERSONAL NAME
Personal name Seupoli [don L],
245 #0 - TITLE STATEMENT
Title Spiritual Combat Tr As A By C L J
260 ## - PUBLICATION, DISTRIBUTION, ETC.
Name of publisher, distributor, etc. S h LEAGUE, ALWAYE NORTH P.O KERALA
Place of publication, distribution, etc. INDIA
Date of publication, distribution, etc. 1956
630 ## - SUBJECT ADDED ENTRY--UNIFORM TITLE
General subdivision General Stack
650 ## - SUBJECT ADDED ENTRY--TOPICAL TERM
Topical term or geographic name entry element Religion
942 ## - ADDED ENTRY ELEMENTS (KOHA)
Koha item type BOOK
650 ## - SUBJECT ADDED ENTRY--TOPICAL TERM
Form subdivision ChristisnityCjhristian Theology
General subdivision Generalia
Holdings
Withdrawn status Lost status Damaged status Not for loan Home library Current library Date acquired Total Checkouts Full call number Barcode Shelving location Date last seen Price effective from Koha item type
        SB LIBRARY SB LIBRARY 09/11/2021   235.4 SEU-S 00023577 GENERAL STACK 09/11/2021 09/11/2021 BOOK

Powered by Koha